Heat transfer mass : A practical approach

Saved in:
Bibliographic Details
Main Author:  Cengel , Yunus A
Format: Sách
Language:Undetermined
Published:  McGraw-Hill  2015
Subjects:
Tags: Add Tag
No Tags, Be the first to tag this record!
Institutions: Trung tâm Thư viện - Trường Đại học Công nghiệp TP. Hồ Chí Minh
LEADER 00476nam a2200157Ia 4500
001 UIH_05397
008 231011s9999 xx 000 0 und d
082 |a  621.4022 
100 |a  Cengel , Yunus A 
245 0 |a  Heat transfer mass : A practical approach 
245 0 |c  Cengel , Yunus A 
260 |b  McGraw-Hill 
260 |c  2015 
650 |a  Nhiệt;  
927 |a Sách 
980 |a Trung tâm Thư viện - Trường Đại học Công nghiệp TP. Hồ Chí Minh